| 000 | 004440000a22001810004500 | ||
|---|---|---|---|
| 003 | MACL | ||
| 005 | 20151220153853.0 | ||
| 008 | 151220b xxu||||| |||| 00| 0 eng d | ||
| 040 |
_aMACL _cMACL |
||
| 041 | _aEnglish | ||
| 082 | _a635/MCH | ||
| 100 |
_aMchoy, Peter _921455 |
||
| 245 | _aThe Complete Garden Planning Book | ||
| 260 |
_bHerms House _c1999 _aChina |
||
| 350 | _a495 | ||
| 650 |
_aAgriculture _921669 |
||
| 942 |
_cBK _k635/MCH _2ddc |
||
| 999 |
_c40122 _d40122 |
||